000 02366cam a2200301 4500500
005 20260405002207.0
041 _afre
042 _adc
100 1 0 _aBergeaud-Wetterwald, Aurélie
_eauthor
700 1 0 _aDanet, Anaïs
_eauthor
245 0 0 _aJustice sans audience : étude d’impact sur les justiciables et les professionnels du droit
260 _c2026.
500 _a84
520 _aRésuméMenée par une équipe pluridisciplinaire, cette étude analyse le recul progressif des temps d’audience au sein des procédures judiciaires et l’impact de cette suppression sur l’organisation de la justice et le respect des droits fondamentaux. Différentes méthodes d’enquête qualitatives et quantitatives ont été mobilisées pour évaluer la perception des justiciables et le positionnement des professionnels du droit (magistrats, greffiers, avocats) confrontés à ces évolutions. Les résultats montrent que si les audiences ne sont pas toujours indispensables sur le plan procédural, elles restent un marqueur fort du processus décisionnel et un élément central pour l’acceptabilité des décisions de justice.
520 _aSummaryConducted by a multidisciplinary team, this study analyses the progressive reduction in hearing time within judicial proceedings and the impact of this curtailment on the organisation of the justice system and the protection of fundamental rights. Various qualitative and quantitative research methods were employed to assess litigants’ perceptions and the positions adopted by legal professionals (judges, court clerks and lawyers) confronted with these developments. The findings show that, although hearings are not always procedurally indispensable, they remain a powerful marker of the decision-making process and a central factor in the acceptability of judicial decisions.
690 _aAUDIENCE
690 _aAudition
690 _aDébat contradictoire
690 _aDépôt de dossier
690 _aÉchanges
690 _aOralité
690 _aProcédure écrite
690 _aProcès équitable
690 _aProcessus décisionnel
690 _aRationalisation
786 0 _nLes Cahiers de la Justice | 1 | 1 | 2026-03-18 | p. 169-180 | 1958-3702
856 4 1 _uhttps://droit.cairn.info/revue-les-cahiers-de-la-justice-2026-1-page-169?lang=fr&redirect-ssocas=7080
999 _c2055253
_d2055253